ბათუმის შოთა რუსთაველის სახელმწიფო უნივერსიტეტის ბიბლიოთეკა

ქართული ფოლკლორი : (ბიბ.ჩანაწერი № 38183)

000 -ლიდერი
ფიქსირებული სიგრძის საკონტროლო ველი 01331nam a2200217Ia 4500
001 - საკონტროლო ნომერი
საკონტროლო ველი 4173
003 - საკონტროლო ნომრის იდენტიფიკატორი
საკონტროლო ველი GE_BSU
005 - ბოლო ოპერაციის თარიღი და დრო
საკონტროლო ველი 20190919144138.0
008 - ფიქსირებული სიგრძის მონაცემთა ელემენტები - ზოგადი ინფორმაცია
ფიქსირებული სიგრძის საკონტროლო ველი 181216s1969||||ge |||||||||||||| ||geo||
040 ## - კატალოგიზაციის წყარო
Transcribing agency GE_BSU
041 ## - ენის კოდი
Language code of text/sound track or separate title geo
080 ## - უნივერსალური ათობითი კლასიფიკაციის ინდექსი
Universal Decimal Classification number 398(479.22) ქ-27
245 ## - ცნობა სათაურის შესახებ
Title ქართული ფოლკლორი :
Remainder of title მასალები და გამოკვლევები. ტ. 3. /
Statement of responsibility, etc რედ. ქ. სიხარულიძე.
264 ## - წარმოების, გამოცემის, დისტრიბუციის და სხვა ცნობები
გამოცემის, წარმოების, დისტრიბუციის... ადგილი თბილისი :
გამოცემის, წარმოების, დისტრიბუციის... სახელწოდება მეცნიერება,
გამოცემის, წარმოების, დისტრიბუციის... თარიღი 1969.
300 ## - ფიზიკური აღწერა
Extent 383 გვ. ;
Other physical details 22 სმ.
500 ## - ზოგადი შენიშვნა
General note ეძღვნება საქ. სსრ. მეცნიერების დამსახურებულ მოღვაწეს, პროფესორ მიხეილ იასონის–ძე ჩიქოვანს დაბადების 60 და სამეცნ. პედაგოგიური მოღვაწეობის ორმოცი წლისთავზე.
653 ## - INDEX TERM--UNCONTROLLED
Uncontrolled term ქართული ფოლკლორი.
700 ## - ADDED ENTRY--PERSONAL NAME
Personal name სიხარულიძე, ქ.
Relator term რედაქტორი
9 (RLIN) 4124
710 ## - ADDED ENTRY--CORPORATE NAME
Corporate name or jurisdiction name as entry element საქ. სსრ მეცნ. აკად., რუსთაველის სახ. ქართ. ლიტ. ინ-ტი
9 (RLIN) 4125
942 ## - ADDED ENTRY ELEMENTS (KOHA)
Koha item type წიგნი
Source of classification or shelving scheme
ეგზემპლარები
ჩამოწერის სტატუსი დაკარგული ეგზემპლარის სტატუსი კლასიფიკაციის წყარო ან თაროზე გაწყობის სქემა დაზიანების სტატუსი არ გაიცემა მუდმივი მდებარეობა (დაცვის ადგილი) ამჟამინდელი ადგილსამყოფელი თაროზე განთავსების ადგილი შეძენის თარიღი ღირებულება, შესყიდვის ნორმალური ფასი სრული შენახვის შიფრი შტრიხკოდი ბოლო ოპერაციის თარიღი ეგზემპლარის მიმდევრობითი ნომერი (კეტერი?) ფასის ძალაში შესვლის თარიღი ეგზემპლარის სახეობა საჯარო შენიშვნა
          ბათუმის შოთა რუსთაველის სახელმწიფო უნივერსიტეტის მთავარი ბიბლიოთეკა ბათუმის შოთა რუსთაველის სახელმწიფო უნივერსიტეტის მთავარი ბიბლიოთეკა წიგნსაცავი 2018-12-17 4.00 398(479.22) ქ-27 5702 2018-12-17 5702 2018-12-17 წიგნი 4 ლ.
          ბათუმის შოთა რუსთაველის სახელმწიფო უნივერსიტეტის მთავარი ბიბლიოთეკა ბათუმის შოთა რუსთაველის სახელმწიფო უნივერსიტეტის მთავარი ბიბლიოთეკა წიგნსაცავი 2018-12-17 4.00 398(479.22) ქ-27 5703 2018-12-17 5703 2018-12-17 წიგნი 4 ლ.